Các quy định pháp luật về phát triển kinh tế- xã hội đối với vùng đặc biệt khó khăn

Sparad:
Bibliografiska uppgifter
Materialtyp: Bok
Språk:Undetermined
Publicerad: Hà Nội Chính trị Quốc gia 2003
Ämnen:
Taggar: Lägg till en tagg
Inga taggar, Lägg till första taggen!
Thư viện lưu trữ: Trung tâm Học liệu Trường Đại học Cần Thơ
LEADER 00591nam a2200169Ia 4500
001 CTU_91737
008 210402s9999 xx 000 0 und d
020 |c 56000 
082 |a 354 
082 |b C101 
245 0 |a Các quy định pháp luật về phát triển kinh tế- xã hội đối với vùng đặc biệt khó khăn 
260 |a Hà Nội 
260 |b Chính trị Quốc gia 
260 |c 2003 
650 |a Public administration of economy,Development economics 
904 |i Mai Loan 
980 |a Trung tâm Học liệu Trường Đại học Cần Thơ